Normativa electoral : estatal y autonómica estatal y autonómica
ISBN:
84-8150-144-1
Descripción Física:
2 v. en carpeta d'anelles ; 31 cm
Otros Autores:
Espanya. Ministerio del Interior
MARC
| LEADER | 00000nam a2200000Ia 4500 | ||
|---|---|---|---|
| 001 | 18770, 18771 | ||
| 008 | 160829s9999 xx 000 0 cat d | ||
| 020 | |a 84-8150-144-1 (o.c.) | ||
| 080 | |a FOL-3-20, FOL-3-21 | ||
| 100 | |a Espanya. Lleis, etc. |9 23269 | ||
| 245 | |a Normativa electoral : |b estatal y autonómica | ||
| 250 | |a 3a ed. | ||
| 260 | |a Madrid : |b Ministerio del Interior. Secretaría General Técnica, [1995 ?] | ||
| 300 | |a 2 v. en carpeta d'anelles ; |c 31 cm | ||
| 590 | |a Fulls solts actualitzables. | ||
| 590 | |a Conté: v. 1: Código de leyes electorales, estatales y autonómicas; v. 2: Normativa electoral autonómica | ||
| 650 | |a Dret electoral |x Legislació |x Espanya |9 40999 | ||
| 650 | |a Dret electoral |x Legislació |x Espanya |x Comunitats autònomes |9 41000 | ||
| 700 | |a Espanya. Ministerio del Interior |9 41001 | ||
| 901 | |a Arxiu | ||
| 942 | |n 1 | ||
| 952 | |0 0 |1 0 |4 0 |6 FOL320_FOL321 |7 1 |9 49989 |a Arxiu |b Arxiu |d 2016-12-01 |l 0 |o FOL-3-20, FOL-3-21 |p 18770, 18771 |r 2016-12-01 00:00:00 |w 2016-12-01 |y ARXIU | ||
| 999 | |c 53831 |d 53831 | ||